000 00438nam a2200181Ia 4500
008 151018s9999 xx 000 0 und d
082 _bRBASDV1700
_a821
100 _aRabindranath Tagor
245 _aLovers Gift
250 _b1
260 _bMacmillan India ltd.
_c1940
300 _a117
600 _aRabindranath Tagor
630 _aLovers Gift
700 _aRabindranath Tagor
730 _aLovers Gift
942 _cBOOK
999 _c1004126
_d1004123